[Event "Reunion op 15th"]
[Site "St Denis"]
[Date "2013.10.12"]
[Round "1"]
[White "Fontaine, Willy"]
[Black "Reinhart, Emmanuel"]
[Result "0-1"]
[WhiteElo "1583"]
[BlackElo "2326"]
[PlyCount "122"]
[EventDate "2013.10.12"]
[EventType "swiss"]
[EventRounds "9"]
[EventCountry "RUF"]
[SourceTitle "EXT 2014"]
[Source "ChessBase"]
[SourceDate "2013.11.20"]
[SourceVersion "1"]
[SourceVersionDate "2013.11.20"]
[SourceQuality "1"]

1. c4 c6 2. Nc3 d5 3. cxd5 cxd5 4. d4 e5 5. e4 dxe4 6. Bb5+ Bd7 7. Bxd7+ Qxd7 8. dxe5 Qxd1+ 9. Nxd1 Nc6 10. Bf4 Bb4+ 11. Nc3 Nge7 12. Nge2 Ng6 13. 0-0 Bxc3 14. bxc3 0-0 15. Rab1 b6 16. Rb5 Rae8 17. Rd1 Ngxe5 18. Bxe5 Rxe5 19. Rxe5 Nxe5 20. Ng3 e3 21. fxe3 g6 22. h3 Rc8 23. Rd5 f6 24. Ne4 Kg7 25. Rd6 f5 26. Re6 fxe4 27. Rxe5 Rxc3 28. Rxe4 Ra3 29. Re7+ Kf6 30. Rxh7 Rxa2 31. Rb7 Kf5 32. Kh2 Ra3 33. Rf7+ Ke6 34. Rg7 Kf6 35. Rb7 g5 36. e4 Ke5 37. Rg7 Kf4 38. e5 a6 39. e6 Re3 40. e7 Kf5 41. Rh7 Kg6 42. e8Q+ Rxe8 43. Rb7 Re6 44. Kg3 Re3+ 45. Kf2 Rb3 46. g4 a5 47. Rb8 a4 48. Rg8+ Kf6 49. Rf8+ Kg7 50. Rf5 Kg6 51. Ke2 Rxh3 52. Rb5 Rb3 53. Rd5 a3 54. Rd6+ Kf7 55. Rd7+ Ke6 56. Ra7 Ke5 57. Kd2 b5 58. Ke2 Kf4 59. Kd2 Rb2+ 60. Kc1 b4 61. Ra5 Kxg4 0-1

[Event "Reunion op 14th"]
[Site "St Denis"]
[Date "2012.10.08"]
[Round "4"]
[White "Artigaud, Daniel"]
[Black "Fontaine, Willy"]
[Result "1/2-1/2"]
[WhiteElo "1430"]
[BlackElo "1610"]
[PlyCount "116"]
[EventDate "2012.10.06"]
[EventType "swiss"]
[EventRounds "9"]
[EventCountry "RUF"]
[SourceTitle "EXT 2013"]
[Source "ChessBase"]
[SourceDate "2012.11.22"]
[SourceVersion "1"]
[SourceVersionDate "2012.11.22"]
[SourceQuality "1"]

1. d4 d6 2. Nf3 Bg4 3. e3 Nf6 4. Bd3 g6 5. Nbd2 Bg7 6. b3 0-0 7. Bb2 Nbd7 8. 0-0 a5 9. a4 b6 10. h3 Bxf3 11. Nxf3 c5 12. Re1 Rb8 13. Bb5 Nd5 14. Rb1 Nc7 15. Qd3 Nxb5 16. Qxb5 Qe8 17. c3 Nf6 18. Qxe8 Rfxe8 19. Ba1 Ne4 20. Red1 Rec8 21. Nd2 Nxd2 22. Rxd2 b5 23. Rdd1 h5 24. g3 Rb7 25. Bb2 Rcb8 26. Rd2 bxa4 27. bxa4 cxd4 28. exd4 e5 29. dxe5 Bxe5 30. Kf1 Bxc3 31. Bxc3 Rxb1+ 32. Kg2 Rc1 33. Bxa5 Ra1 34. Rxd6 Rxa4 35. Bd2 Ra2 36. Be3 Rc8 37. Kf3 Ra3 38. Kg2 Rb3 39. Rd5 Rb2 40. Kf3 Rb3 41. Rd6 Rb1 42. Kg2 Kf8 43. Ra6 Rd1 44. Ra5 Kg8 45. Ra6 Re1 46. Ra2 Re8 47. Kf3 Rd8 48. Rb2 Kg7 49. Rb4 Kg8 50. Rc4 Kh7 51. Rc7 Kg8 52. Rc4 Rb1 53. Ra4 Re8 54. Rc4 Rb3 55. Ra4 Kg7 56. Kg2 Re7 57. Bd4+ f6 58. Ra6 Rf7 1/2-1/2

[Event "Reunion-ch"]
[Site "Reunion"]
[Date "2006.02.05"]
[Round "6"]
[White "Mablouke, Ulrich"]
[Black "Fontaine, Willy"]
[Result "1-0"]
[WhiteElo "1670"]
[BlackElo "1560"]
[PlyCount "97"]
[EventDate "2005.11.26"]
[EventType "swiss"]
[EventRounds "9"]
[EventCountry "RUF"]
[SourceTitle "EXT 2008"]
[Source "ChessBase"]
[SourceDate "2007.11.25"]
[SourceVersion "1"]
[SourceVersionDate "2007.11.25"]
[SourceQuality "1"]

1. e4 d6 2. d4 g6 3. Nd2 Bg7 4. Ngf3 Bg4 5. Bc4 e6 6. c3 Nf6 7. Qb3 0-0 8. Qxb7 Nbd7 9. 0-0 Bxf3 10. Nxf3 Nb6 11. Bb3 a6 12. Qc6 Nfd7 13. Bf4 Nb8 14. Qb7 Qd7 15. e5 d5 16. c4 Nc6 17. cxd5 Na5 18. dxe6 Nxb7 19. exd7 Nxd7 20. Bd5 Rab8 21. Bxb7 Rxb7 22. b3 c5 23. d5 Rb4 24. Bg3 Re8 25. Rfe1 a5 26. Rac1 a4 27. bxa4 Rxa4 28. e6 fxe6 29. dxe6 Nf6 30. Rxc5 Ne4 31. Rc6 Nxg3 32. hxg3 Rxa2 33. e7 Ra1 34. Rxa1 Bxa1 35. Re6 Kg7 36. Ne5 Bxe5 37. Rxe5 Kf6 38. Re1 Rxe7 39. Rxe7 Kxe7 40. g4 Ke6 41. f4 Kf6 42. g5+ Kg7 43. g4 h5 44. gxh5 gxh5 45. Kg2 Kg6 46. Kg3 Kf5 47. Kh4 Kg6 48. f5+ Kxf5 49. Kxh5 1-0

[Event "Sainte Marie op"]
[Site "Sainte Marie"]
[Date "2005.10.17"]
[Round "3"]
[White "Besnus, Emmanuel"]
[Black "Fontaine, Willy"]
[Result "1-0"]
[WhiteElo "1836"]
[BlackElo "1560"]
[PlyCount "51"]
[EventDate "2005.10.15"]
[EventType "swiss"]
[EventRounds "9"]
[EventCountry "FRA"]
[SourceTitle "EXT 2006"]
[Source "ChessBase"]
[SourceDate "2005.11.24"]
[SourceVersion "1"]
[SourceVersionDate "2005.11.24"]
[SourceQuality "1"]

1. d4 d5 2. Nf3 f6 3. e3 a6 4. c4 c6 5. Nc3 e6 6. Be2 Bb4 7. Bd2 Ne7 8. 0-0 0-0 9. a3 Ba5 10. Bd3 Bd7 11. e4 Be8 12. Re1 Bh5 13. b4 Bb6 14. c5 Bc7 15. exd5 Nxd5 16. Rxe6 Kh8 17. Re1 Nxc3 18. Bxc3 Qd5 19. Be4 Qd8 20. Qd3 Bxf3 21. Qxf3 Qd7 22. Bf5 Qd5 23. Qh3 h6 24. Bd2 Qxf5 25. Qxf5 Rd8 26. Re7 1-0

[Event "Reunion op 07th"]
[Site "Reunion"]
[Date "2004.10.14"]
[Round "6"]
[White "Fontaine, Willy"]
[Black "Blard, Jerome"]
[Result "0-1"]
[WhiteElo "1300"]
[BlackElo "1680"]
[PlyCount "52"]
[EventDate "2004.10.09"]
[EventType "swiss"]
[EventRounds "9"]
[EventCountry "RUF"]
[SourceTitle "CBM 102 Extra"]
[Source "ChessBase"]
[SourceDate "2004.11.03"]
[SourceVersion "1"]
[SourceVersionDate "2004.11.03"]
[SourceQuality "1"]

1. e4 e5 2. b3 Nf6 3. d3 d6 4. h3 Be7 5. Nf3 Nbd7 6. Be2 Nf8 7. 0-0 Ng6 8. Nh2 0-0 9. Nc3 Be6 10. Ng4 c6 11. Bg5 Bxg4 12. Bxf6 Bxe2 13. Bxe7 Bxd1 14. Bxd8 Bxc2 15. Bc7 Bxd3 16. Bxd6 Rfd8 17. Bc7 Bxf1 18. Bxd8 Bxg2 19. Kxg2 Nf4+ 20. Kh2 Rxd8 21. Na4 Rd2 22. Kg3 Rd3+ 23. f3 Rd2 24. Kg4 Rg2+ 25. Kf5 f6 26. h4 Kf7 0-1

[Event "Reunion op 07th"]
[Site "Reunion"]
[Date "2004.10.14"]
[Round "7"]
[White "Fontaine, Willy"]
[Black "Faustin, Patrice"]
[Result "0-1"]
[WhiteElo "1300"]
[BlackElo "1550"]
[PlyCount "130"]
[EventDate "2004.10.09"]
[EventType "swiss"]
[EventRounds "9"]
[EventCountry "RUF"]
[SourceTitle "CBM 102 Extra"]
[Source "ChessBase"]
[SourceDate "2004.11.03"]
[SourceVersion "1"]
[SourceVersionDate "2004.11.03"]
[SourceQuality "1"]

1. e4 d5 2. e5 Nc6 3. d4 f6 4. Bb5 Bd7 5. Nf3 a6 6. Ba4 Nxe5 7. Bxd7+ Nxd7 8. 0-0 Nb6 9. b3 Qd7 10. Bb2 0-0-0 11. Nc3 h5 12. Nh4 g5 13. Nf3 h4 14. Na4 Nxa4 15. bxa4 Qxa4 16. c3 Qxd1 17. Rfxd1 g4 18. Ne1 f5 19. Nd3 Bg7 20. Nc5 Rd6 21. Re1 Rhh6 22. Ba3 Rdg6 23. Rab1 Rb6 24. Rxb6 Rxb6 25. Bb4 Bf6 26. Kf1 Rd6 27. Ne6 Rc6 28. a4 b6 29. Re3 a5 30. Ba3 f4 31. Re2 Rxc3 32. Bb2 Rc4 33. Nxf4 Bxd4 34. Nxd5 Bxb2 35. Rxb2 Rxa4 36. Rc2 Kd8 37. Nxc7 Nh6 38. Ne6+ Kd7 39. Nf8+ Kd6 40. Rd2+ Kc5 41. Nd7+ Kb5 42. Nf8 g3 43. hxg3 hxg3 44. f3 Nf5 45. Rd5+ Kc4 46. Rxf5 Ra1+ 47. Ke2 Ra2+ 48. Ke3 Rxg2 49. Rf4+ Kc3 50. Rg4 b5 51. Ne6 a4 52. Nf4 a3 53. Nd5+ Kc2 54. Nb4+ Kb3 55. Re4 a2 56. Nxa2 Rxa2 57. Rxe7 g2 58. Rg7 b4 59. f4 Kc4 60. f5 b3 61. Rg4+ Kd5 62. f6 b2 63. f7 Ra8 64. Rg8 b1Q 65. Rg5+ Ke6 0-1